Visualizzazione normale
Vista MARC
- Duda Krzysztof
di Personal Name
Records bibliografici associati: 1
001 - CONTROL NUMBER
- control field: 24384
003 - CONTROL NUMBER IDENTIFIER
- control field: IT-RoPau
005 - DATE AND TIME OF LATEST TRANSACTION
- control field: 20140509223855.0
008 - FIXED-LENGTH DATA ELEMENTS
- fixed length control field: 140509|| aca||aabn | a|a d
040 ## - CATALOGING SOURCE
- Original cataloging agency: IT-RoPau
- Transcribing agency: IT-RoPau
100 ## - HEADING--PERSONAL NAME
- Personal name: Duda Krzysztof
- Miscellaneous information: Codice interprete SPICS: 25061
- Relator term: Interprete
670 ## - SOURCE DATA FOUND
- Source citation: Work cat.: (IT-RoPau)100443: Duda Krzysztof 24380, Tama